000 00461 a2200157 4500
005 20250430102154.0
020 _a978-0-07-352847-2
082 _a658.3 ANN
111 _aANNUAL EDITIONS
245 _aHuman Resources 08/09.
250 _a17th Ed.
260 _aNew York,
_bMcgraw hill- higher Education,
_c2008.
300 _axvi, 203p. : Ill.; figures
_bIndex
_c27cm.
856 _yAccess Online Book
_fHuman Resources
_dwww.mhcls.com/online
942 _2ddc
_cBKS
999 _c1826
_d1826